| 000 | 00648nam a2200193Ia 4500 | ||
|---|---|---|---|
| 008 | 140529s9999 xx 000 0 und d | ||
| 020 | _a9780415496643 | ||
| 050 |
_aHV 553 _b.B36 2011 |
||
| 100 | _aBarnett, Michael N. | ||
| 245 |
_aHumanitarianism contested : _bwhere angels fear to tread / _cMichael Barnett and Thomas G. Weiss |
||
| 260 |
_aMilton Park, Abingdon, Oxon, [England] ; New York : _bRoutledge, _cc2011. |
||
| 300 |
_a154 p. ; _c22 cm. |
||
| 440 | _a(Global institutions). | ||
| 500 | _aIncludes bibliographical references and index. | ||
| 521 | _aGE | ||
| 650 | _aInternational relief. | ||
| 942 |
_kFOR _cBK |
||
| 999 |
_c117760 _d117760 |
||